[Event "TUR Cup"]
[Site "Denizli"]
[Date "2023.07.18"]
[Round "4"]
[White "Akin, Tolga"]
[Black "Oztekin, Mehmet Hadi"]
[Result "1/2-1/2"]
[WhiteElo "1654"]
[BlackElo "1748"]
[PlyCount "86"]
[EventDate "2023.07.16"]
[EventType "team-tourn"]
[EventRounds "9"]
[EventCountry "TUR"]
[SourceTitle "CBM 215 Extra"]
[Source "ChessBase"]
[SourceDate "2023.09.30"]
[SourceVersion "1"]
[SourceVersionDate "2023.09.30"]
[SourceQuality "1"]

1. e4 e5 2. Nc3 Nf6 3. f4 d5 4. fxe5 Nxe4 5. Qf3 Nxc3 6. dxc3 Nc6 7. Bf4 Be6 8. 0-0-0 Qd7 9. h3 0-0-0 10. Bb5 h6 11. Ne2 Kb8 12. Nd4 Nxd4 13. Bxd7 Nxf3 14. Bxe6 fxe6 15. gxf3 Bc5 16. Rhe1 Rhf8 17. Be3 Bxe3+ 18. Rxe3 Rf4 19. Rg1 g5 20. Kd2 Rdf8 21. Ke2 c5 22. Rg4 Kc7 23. Kf2 R8f5 24. Rg1 d4 25. cxd4 cxd4 26. Rd3 Rxe5 27. Rg4 Ref5 28. Rxd4 Rxf3+ 29. Ke2 Rf2+ 30. Kd1 Rh2 31. Rc4+ Kd6 32. Rgd4+ Rd5 33. Rxd5+ Kxd5 34. Rc3 e5 35. b4 e4 36. Rc7 Rxh3 37. c4+ Kd4 38. c5 Rh1+ 39. Ke2 Rh2+ 40. Kd1 Rh1+ 41. Ke2 Rh2+ 42. Kd1 Rh1+ 43. Ke2 Rh2+ 1/2-1/2

[Event "TUR Cup"]
[Site "Denizli"]
[Date "2023.07.16"]
[Round "1"]
[White "Oztekin, Mehmet Hadi"]
[Black "Can, Melih Kaan"]
[Result "1/2-1/2"]
[WhiteElo "1748"]
[BlackElo "2104"]
[PlyCount "88"]
[EventDate "2023.07.16"]
[EventType "team-tourn"]
[EventRounds "9"]
[EventCountry "TUR"]
[SourceTitle "CBM 215 Extra"]
[Source "ChessBase"]
[SourceDate "2023.09.30"]
[SourceVersion "1"]
[SourceVersionDate "2023.09.30"]
[SourceQuality "1"]

1. e4 c5 2. Nf3 Nc6 3. d4 cxd4 4. Nxd4 e5 5. Nb5 d6 6. c4 Be6 7. N1c3 a6 8. Na3 Nf6 9. Nc2 Be7 10. Be2 0-0 11. 0-0 Ne8 12. Ne3 Bg5 13. b3 Rc8 14. Bg4 Nd4 15. Ncd5 Nf6 16. Nxf6+ Qxf6 17. Nd5 Bxd5 18. Bxc8 Bxe4 19. Qg4 Bxc1 20. Qxe4 Rxc8 21. Raxc1 Qe6 22. Rfe1 Qd7 23. f4 f6 24. Rcd1 Rd8 25. h3 g6 26. Rf1 Kg7 27. Kh1 Rf8 28. Qd5 Qc6 29. Rfe1 Rf7 30. Kh2 h5 31. Rf1 Rc7 32. Rxd4 exd4 33. Qxd4 Re7 34. f5 Re2 35. Rf2 Rxf2 36. Qxf2 Qc5 37. Qf3 Qe5+ 38. Kh1 Qa1+ 39. Kh2 Qe5+ 40. Kh1 Qe1+ 41. Kh2 Qe5+ 42. Kh1 Qe1+ 43. Kh2 Qe5+ 44. Kh1 Qe1+ 1/2-1/2